BSOP header

Jews in the Hellenistic world : (Record no. 47035)

MARC details
000 -LEADER
fixed length control field 01284cam a2200313 a 4500
001 - CONTROL NUMBER
control field 3804166
005 - DATE AND TIME OF LATEST TRANSACTION
control field 20190701083903.0
008 - FIXED-LENGTH DATA ELEMENTS--GENERAL INFORMATION
fixed length control field 850204s1985 enka b 001 0 eng
010 ## - LIBRARY OF CONGRESS CONTROL NUMBER
LC control number 85003840
020 ## - INTERNATIONAL STANDARD BOOK NUMBER
International Standard Book Number 0521242460
020 ## - INTERNATIONAL STANDARD BOOK NUMBER
International Standard Book Number 0521285518
040 ## - CATALOGING SOURCE
Original cataloging agency DLC
Transcribing agency DLC
Modifying agency DLC
100 1# - MAIN ENTRY--PERSONAL NAME
Personal name Bartlett, John R.
Fuller form of name (John Raymond)
245 10 - TITLE STATEMENT
Title Jews in the Hellenistic world :
Remainder of title Josephus, Aristeas, the Sibylline oracles, Eupolemus /
Statement of responsibility, etc John R. Bartlett.
260 ## - PUBLICATION, DISTRIBUTION, ETC. (IMPRINT)
Place of publication, distribution, etc Cambridge [Cambridgeshire] ;
-- New York :
Name of publisher, distributor, etc Cambridge University Press,
Date of publication, distribution, etc 1985.
300 ## - PHYSICAL DESCRIPTION
Extent x, 209 p. :
Other physical details ill. ;
Dimensions 23 cm.
336 ## - CONTENT TYPE
Content Type Term text
337 ## - MEDIA TYPE
Media Type Term unmediated
338 ## - CARRIER TYPE
Carrier Type Term volume
440 #0 - SERIES STATEMENT/ADDED ENTRY--TITLE
Title Cambridge commentaries on writings of the Jewish and Christian world, 200 BC to AD 200 ;
Volume number/sequential designation v. 1, pt. 1
500 ## - GENERAL NOTE
General note Includes index.
504 ## - BIBLIOGRAPHY, ETC. NOTE
Bibliography, etc Bibliography: p. 192-194.
650 #0 - SUBJECT ADDED ENTRY--TOPICAL TERM
Topical term or geographic name as entry element Jews
General subdivision History
Chronological subdivision 586 B.C.-70 A.D.
General subdivision Sources.
650 #0 - SUBJECT ADDED ENTRY--TOPICAL TERM
Topical term or geographic name as entry element Greek literature
General subdivision Jewish authors
-- Translations into English.
650 #0 - SUBJECT ADDED ENTRY--TOPICAL TERM
Topical term or geographic name as entry element Judaism
General subdivision History
Chronological subdivision Post-exilic period, 586 B.C.-210 A.D.
General subdivision Sources.
856 42 - ELECTRONIC LOCATION AND ACCESS
Materials specified Publisher description
Uniform Resource Identifier <a href="http://www.loc.gov/catdir/description/cam031/85003840.html">http://www.loc.gov/catdir/description/cam031/85003840.html</a>
856 41 - ELECTRONIC LOCATION AND ACCESS
Materials specified Table of contents only
Uniform Resource Identifier <a href="http://www.loc.gov/catdir/enhancements/fy0902/85003840-t.html">http://www.loc.gov/catdir/enhancements/fy0902/85003840-t.html</a>
942 ## - ADDED ENTRY ELEMENTS (KOHA)
Source of classification or shelving scheme Library of Congress Classification
Item type Books
Holdings
Withdrawn status Lost status Source of classification or shelving scheme Damaged status Not for loan Home library Current library Shelving location Date acquired Inventory number Total Checkouts Full call number Barcode Date last seen Price effective from Koha item type
    Library of Congress Classification     BSOP Library BSOP Library GC 07/01/2019 11695   DS122 B28j 00019537 07/01/2019 07/01/2019 Books
BSOP

Biblical Seminary of the Philippines
  All rights Reserved
  © 2024

CONTACT INFORMATION

Biblical Seminary of the Philippines,
  77-B Karuhatan Road, Valenzuela City,
  PHILIPPINES 1441
  Phone: +632 8292-6795 / 8292-6798
  Fax : +632 8292-6675
  Email: library@bsop.edu.ph